शाह की जीत/ (Record no. 205571)
[ view plain ]
| 000 -LEADER | |
|---|---|
| fixed length control field | 00783nam a22002177a 4500 |
| 005 - DATE AND TIME OF LATEST TRANSACTION | |
| control field | 20240905112620.0 |
| 010 ## - LCCN (DPL NO) | |
| LC control number | HIN-128356 |
| 020 ## - INTERNATIONAL STANDARD BOOK NUMBER | |
| International Standard Book Number | 9789385689390 |
| Terms of availability | 995.00 |
| 035 ## - SYSTEM CONTROL NUMBER | |
| System control number | HN-100702 |
| 037 ## - SOURCE OF ACQUISITION | |
| Source of stock number/acquisition | DBAD |
| 082 ## - DEWEY DECIMAL CLASSIFICATION NUMBER | |
| Classification number | उ |
| 100 ## - MAIN ENTRY--PERSONAL NAME | |
| Personal name | प्रकाश, शक्ति |
| 245 ## - TITLE STATEMENT | |
| Title | शाह की जीत/ |
| Statement of responsibility, etc | शक्ति प्रकाश |
| 260 ## - PUBLICATION, DISTRIBUTION, ETC. (IMPRINT) | |
| Name of publisher, distributor, etc | यश पब्लिकेशंस |
| Date of publication, distribution, etc | 2018 |
| Place of publication, distribution, etc | दिल्ली |
| 270 ## - ADDRESS | |
| Address | 1/10753, गली न. 3 सुभाष पार्क नवीन शाहदरा |
| City | दिल्ली |
| Postal code | 110032 |
| 300 ## - PHYSICAL DESCRIPTION | |
| Extent | 292 पृ. |
| Dimensions | 21 सेमी (अजिल्द) |
| 650 ## - SUBJECT ADDED ENTRY--TOPICAL TERM | |
| Topical term or geographic name as entry element | हिन्दी |
| 700 ## - ADDED ENTRY--PERSONAL NAME | |
| 9 (RLIN) | 70991 |
| 700 ## - ADDED ENTRY--PERSONAL NAME | |
| 9 (RLIN) | 70996 |
| 942 ## - ADDED ENTRY ELEMENTS (KOHA) | |
| Institution code [OBSOLETE] | DPL |
| Item type | Hindi Books |
| Source of classification or shelving scheme | Dewey Decimal Classification |
| Classification part | उ |
| Call number suffix | प्रकाश |
| Withdrawn status | Lost status | Not for loan | Collection code | Home library | Current library | Date acquired | Source of acquisition | Cost, normal purchase price | Full call number | Barcode | Copy number | Cost, replacement price | Koha item type |
|---|---|---|---|---|---|---|---|---|---|---|---|---|---|
| Fiction | Bawana | Bawana | 05/09/2024 | DBAD | 995.00 | उ प्रकाश | HN-100702 | 1 | 995.00 | Hindi Books |
